Statistiques concernant Personnage aléatoire de Dragon Ball par image (Version expert)

Cliquez ici pour prendre le quiz!

Statistiques générales

  • Ce quiz a été pris 230 fois
  • Le résultat moyen est 7 sur 20

Statistiques - réponses

Réponse% Correct
Apple
100%
Babidi
100%
Beerus
100%
Black Goku
100%
Bojack
100%
Bubbles
100%
Bulma
100%
C-16
100%
C-17
100%
C-18
100%
C-19
100%
Cell
100%
Champa
100%
Chaozu
100%
Chichi
100%
Dabra
100%
Dendé
100%
Dr. Gero
100%
Freezer
100%
Grégory
100%
Hatchiyack
100%
Hit
100%
Jeese
100%
Kaiō de l'Est
100%
Kaiō de l'Ouest
100%
Kaiō du Sud
100%
Kaiō Shin du Sud
100%
Kale
100%
Kiwi
100%
Mai
100%
Majin Boo
100%
Monaka
100%
Mr. Popo
100%
Nail
100%
Nam
100%
Nappa
100%
Oolong
100%
Pan
100%
Piccolo Daimaō
100%
Piccolo Jr.
100%
Pilaf
100%
Puerh
100%
Raditz
100%
Sauzer
100%
Shenron
100%
Son Gohan
100%
Son Gohan (grand-père)
100%
Son Goku
100%
Son Goten
100%
Super C-17
100%
Tao Pai Pai
100%
Ten Shin Han
100%
Thalès
100%
Tortue géniale
100%
Trunks du Futur
100%
Tsuru Sennin
100%
Vegeta
100%
Videl
100%
Whis
100%
Yajirobé
100%
Yam
100%
Yamcha
100%
Zabon
100%
Zen'ô
100%
Le grand roi Enma
86%
Le Roi Vegeta
86%
Metal Cooler
86%
Baba la voyante
83%
Krillin
83%
Bra
80%
Broly
80%
Ginyu
80%
Jaco
80%
Tōma
80%
Bardack
75%
Bibidi
75%
C-13
75%
C-15
75%
Caulifla
75%
Cell Jr.
75%
Janemba
75%
Le Grand Doyen
75%
Oob
75%
Zangya
75%
Vegeta Jr.
71%
Kibitoshin
70%
Baby
67%
Béé
67%
Bio Broly
67%
C-21
67%
Cae
67%
Colonel Silver
67%
Gowasu
67%
Jiren
67%
Kaiō Shin de l'Ouest
67%
Kibito
67%
Lunch
67%
Maji-Kayo
67%
Monsieur Brief
67%
Mr. Satan
67%
Pui Pui
67%
Roi Cold
67%
Sélipa
67%
Zamasu
67%
Zen
67%
C-8
60%
Colonel Black
60%
Cooler
60%
Frost
60%
Son Goku Jr.
60%
C-14
50%
Dai Kaio Shin
50%
Dôré
50%
Ea
50%
Garlic Jr.
50%
Giru
50%
Iwan
50%
Kaiō Shin de l'Est
50%
Karin
50%
Le Grand Prêtre
50%
Le Vieux Kaio Shin
50%
Li Shenron
50%
Mighty Mask
50%
Momie
50%
Poisson Oracle
50%
Polunga
50%
Professeur Myu
50%
Pumbukin
50%
Raspberry
50%
Ribrianne
50%
Slug
50%
Sorbet
50%
Table
50%
Tagoma
50%
Tapion
50%
Trunks
50%
Upa
50%
Vados
50%
Yakon
50%
Muri
43%
Angela
40%
Berryblue
40%
Gokua
40%
Hildegarn
40%
Lakaseï
40%
Su Shenron
40%
Ackman
33%
Anilaza
33%
Bidō
33%
Buyon
33%
Cumber
33%
Daïz
33%
Dolltaki
33%
Drum
33%
Général Blue
33%
Général Red
33%
Ghourd
33%
Gine
33%
Harmira
33%
Kaiō Shin du Nord
33%
Liquir
33%
Magenta
33%
Minosha
33%
Moro
33%
San Shenron
33%
To le carotteur
33%
29%
Abo
25%
Arak
25%
Botamo
25%
Capitaine Yellow
25%
Korn
25%
Lanfan
25%
Lavender
25%
Merus
25%
Roi Chappa
25%
Spice
25%
Cabba
20%
Cheelai
20%
Dr Kochin
20%
Dyspo
20%
Idasa
20%
Moscow
20%
Mulithim
20%
Seven-three
20%
Sidra
20%
Butta
17%
Cado
17%
Lucifer
17%
Rasin
17%
Rhumush
17%
Watagash
17%
Killer
14%
Saganbo
14%
Salt
14%
Sorrel
14%
Suke
14%
Acqua
0%
Ag
0%
Amondo
0%
Anat
0%
Anguila
0%
Annin
0%
Arbitre du Tenka Ichi Budokan
0%
Awamo
0%
Bacterian
0%
Barry Karn
0%
Basil
0%
Beets
0%
Bergamo
0%
Bongo
0%
Bora
0%
Brocco
0%
Bujin
0%
Cacao
0%
Cacktail
0%
Campari
0%
Captain Chicken
0%
Cargot
0%
Carony
0%
Casserale
0%
Catopesra
0%
Caway
0%
Chevil
0%
Chilled
0%
Chi Shenron
0%
Cocoa Amaguri
0%
Cocotte
0%
Cognic
0%
Colonel Violet
0%
Commandant Nezi
0%
Cus
0%
Cymbal
0%
Dai Kaio
0%
Damon
0%
Démon Guide
0%
Dercori
0%
Dium
0%
Docteur Frappé
0%
Dodoria
0%
Don Kia
0%
Dorodabo
0%
Draculaman
0%
Dr. Hedo
0%
Dr. Raichi
0%
Dr. Rota
0%
Dr. Willow
0%
Dyrasen
0%
Ebifurya
0%
Erasa
0%
Gammisalas
0%
Ganos
0%
Général Rilld
0%
Général White
0%
Ghastel
0%
Gin
0%
Ginger
0%
Granola
0%
Gryll
0%
Guilan
0%
Gure
0%
Gyoshu | Kakuja
0%
Gyumao
0%
Hearts
0%
Hoï
0%
Hop
0%
Hva
0%
Icarus
0%
Ikose
0%
Ilu
0%
Jerez
0%
Jewel
0%
Jimizu
0%
Kaiō du Nord
0%
Kettle
0%
Kikono
0%
Kishime
0%
Knock
0%
Konkichi
0%
Kunshi
0%
Kur
0%
Le Cerglier ailé
0%
Ledgic
0%
Lemo
0%
Le Tout-Puissant
0%
Lirybeu
0%
Loh
0%
Madame Brief
0%
Majora
0%
Marcarita
0%
Maron
0%
Marron
0%
Martine
0%
Medamatcha
0%
Methiop
0%
Mira
0%
Misokattsun
0%
Mojito
0%
Mo Kekko
0%
Monna
0%
Mule
0%
Mustard
0%
Mutaito
0%
Napapa
0%
Neiz
0%
Nikky
0%
Ninja Murasaki
0%
Nink
0%
Obni
0%
Ogma
0%
Olivu
0%
Oregano
0%
Otta Magetta
0%
Paikuhan
0%
Palace
0%
Pamputt
0%
Papperoni
0%
Paragus
0%
Pasta
0%
Per
0%
Piano
0%
Pilina
0%
Piroshki
0%
Pizza
0%
Prum
0%
Puntar
0%
Quitela
0%
Rabanra
0%
Raichi
0%
Reacum
0%
Roselle
0%
Rubalt
0%
Ryan Shenron
0%
Ryu Shenron
0%
Sanka Kū
0%
Sansho
0%
Saonel
0%
Sergent Metallic
0%
Sharpner
0%
Shisami
0%
Shōsa
0%
Snow
0%
Soba
0%
Sour
0%
Spopovitch
0%
Sū Roas
0%
Tambourine
0%
Tapikar
0%
Tights Brief
0%
Toolo
0%
Toppo
0%
Totappo
0%
Towa
0%
Tsuno
0%
Tupper
0%
Umigame
0%
U Shenron
0%
Vermoudh
0%
Vinegar
0%
Vuon
0%
Xiangca
0%
Yurin
0%
Yuzukar
0%
Zakūro
0%
Za Priccio
0%
Zirloin
0%
Zoire
0%
Zuno
0%

Distribution des résultats

Percentile par nombre de réponses

% des personnes avec chaque résultat

Votre développement - résultats

Vous n’avez pas pris ce quiz